| 000 | 02336cam a22004934i 4500 | ||
|---|---|---|---|
| 003 | PE-LiUPU | ||
| 005 | 20250731173010.0 | ||
| 008 | 150623s r 000 0 d | ||
| 020 | _a1850759472 | ||
| 035 | _a(Sirsi) i9781850759478 | ||
| 040 |
_aPE-LiUPU _bspa _cPE-LiUPU _erda |
||
| 049 | _aPRUA | ||
| 082 | 0 | 4 |
_a241.66 _bR77 _221 |
| 100 | 1 |
_aHayes, Michael A., _eautor. |
|
| 245 | 1 | 0 |
_aReligion and sexuality / _cMichael A. Hayes. |
| 264 | 1 |
_aSheffield, Inglaterra : _bSheffield Academic Press, _c1998. |
|
| 300 |
_a438 páginas : _bilustraciones, gráficos ; _c24 centímetros |
||
| 336 |
_atext _2rdacontent |
||
| 337 |
_aunmediated _2rdamedia |
||
| 338 |
_avolume _2rdacarrier |
||
| 490 | 0 |
_aStudies in Theology and Sexuality ; _v2. Roehampton Institute London Papers |
|
| 504 | _aIncluye bibliografía. | ||
| 505 | 0 | _aPast: Modern philosophy and ancient consciousness: I think, therefore am I gendered?. -Human and divine sexuality: the zohar on Genensis 5.2 . -Cohabitation or conclict: Greek household management and Christian Haustafeln. -A word about women, music and sensuality in the church. -'its' in the book: using the Bible in discussions of Human sexuality. -My joy, my love, my heart: sexuality and the poems of George Herbert. -Sexuality, spirituality, and ecstatic commnunion in the short fiction of Kate Chopin. -Present:The gendered body of the Jewish Jesus. -Virgins and vessels: feminist reflections on dominant models of spirituality .. . -Future: Body potitics: a thealogical Issue?. -Refiguring masculinity in Christ. -Beginning marriage: two traditions. | |
| 526 | _aSEG42 | ||
| 526 | _aSEG41 | ||
| 526 | _aSEG40 | ||
| 526 | _aSEG39 | ||
| 526 | _aP94 | ||
| 526 | _aP87 | ||
| 526 | _aP86 | ||
| 526 | _aP85 | ||
| 526 | _aP77 | ||
| 526 | _aP76 | ||
| 526 | _aP35 | ||
| 650 | 0 | 4 | _aSexo y religión. |
| 700 | 1 | _aPorter, Wendy | |
| 700 | 1 |
_aTombs, David, _eed. |
|
| 942 |
_2ddc _cBOOK |
||
| 949 |
_a241.66 R77 _wDEWEY _c1 _i46507 _lCCODEBUL1 _mBUL _r0 _sY _tBOOK _u2015-6-24 _xTEOLOGIA _PP35 _0COMPRA _o.STAFF. Colección General |
||
| 994 |
_aC0 _bPEPRU |
||
| 596 | _a1 | ||
| 999 |
_a241.66 R77 _wDEWEY _c23274 _i46507 _f2021-11-10 _g5 _lCCODEBUL1 _mBUL _r0 _sY _tBOOK _u2015-6-24 _xTEOLOGIA _PP35 _0COMPRA _o.STAFF. Colección General _d23274 |
||
| 980 |
_81 _gALBERTO SANCHEZ Responsable de Automatización |
||